000 01358nam a2200337 a 4500
001 ebr10504510
003 CaPaEBR
006 m u
007 cr cn|||||||||
008 111129s2011 enkabd sb 001 0 eng d
020 _z9781845118754
020 _z9780857720146 (e-book)
040 _aCaPaEBR
_cCaPaEBR
035 _a(OCoLC)759007020
043 _aa-tu---
050 1 4 _aDR435.Z39
_bK39 2011eb
100 1 _aKaya, Mehmed S.
245 1 4 _aThe Zaza Kurds of Turkey
_h[electronic resource] :
_ba Middle Eastern minority in a globalised society /
_cMehmed S. Kaya.
260 _aLondon :
_bI.B. Tauris,
_c2011.
300 _axii, 223 p. :
_bill., maps.
490 1 _aLibrary of modern Middle East studies ;
_v71
504 _aIncludes bibliographical references and index.
533 _aElectronic reproduction.
_bPalo Alto, Calif. :
_cebrary,
_d2013.
_nAvailable via World Wide Web.
_nAccess may be limited to ebrary affiliated libraries.
650 0 _aZazas (Iranian people)
_xEthnic identity.
650 0 _aKurds
_zTurkey.
650 0 _aKurds
_zTurkey
_xEthnic identity.
655 7 _aElectronic books.
_2local
710 2 _aebrary, Inc.
830 0 _aLibrary of modern Middle East studies ;
_v71.
856 4 0 _uhttp://site.ebrary.com/lib/rucke/Doc?id=10504510
_zAn electronic book accessible through the World Wide Web; click to view
999 _c114392
_d114392